Toutes les attaques de Qulbutoké - Statistiques

Statistiques générales
  • Ce quiz a été pris 5 fois
  • Le résultat moyen est 7 sur 9
Statistiques - réponses
Type de quiz Puissance Attaque % Correct
Spectre STATUT Lien du Destin
100%
Combat ? Riposte
100%
Psy ? Voile Miroir
100%
Fée STATUT Charme
80%
Normal STATUT Encore
80%
Normal STATUT Rune Protect
80%
Normal STATUT Trempette
60%
Normal STATUT Chatouille
40%
Psy STATUT Amnésie
20%
Aucun quiz correspondant
Distribution des résultats
% des personnes avec chaque résultat
Percentile par nombre de réponses
Votre historique - résultats
Vous n’avez pas pris ce quiz